| 000 | 00893nam a22002657a 4500 | ||
|---|---|---|---|
| 005 | 20240530110505.0 | ||
| 008 | 151007s2012 ua g 000 0 ara d | ||
| 017 |
_a2011/20010 _bمصر . دار الكتب المصرية |
||
| 020 | _a977052753X | ||
| 040 | _aEG-CaGPL | ||
| 082 | 0 | 4 |
_221 _a372.218\ _bم ت |
| 100 | 0 | _aمنى احمد الازهرى | |
| 245 | 1 | 2 |
_aالترويح و تربية الاطفال فى الخلاء / _cمنى احمد الازهرى |
| 260 |
_aالقاهرة : _bمكتبة الانجلو المصرية ، _c2012 . |
||
| 300 |
_a118 ص ؛ _c24 سم . |
||
| 650 | 0 | 4 | _aالترفيه |
| 650 | 0 | 4 | _aالهوايات |
| 650 | 0 | 4 | _aالالعاب الرياضية |
| 650 | 0 | 4 | _aالتسالى |
| 650 | 0 | 4 | _aاللعب |
| 650 | 0 | 4 | _aوقت الفراغ |
| 650 | 0 | 4 |
_aالاطفال _xرعاية |
| 650 | 0 | 4 | _aحدائق الاطفال |
| 942 |
_2ddc _cBK |
||
| 999 |
_c61550 _d61550 |
||